Estadística de transporte. (Registro nro. 189801)

Detalles MARC
000 -LEADER
campo de control de longitud fija 00828nas a2200253 i 4500
001 - NÚMERO DE CONTROL
campo de control 189801
003 - IDENTIFICADOR DE NÚMERO DE CONTROL
campo de control ES-MaACL
005 - FECHA Y HORA DE LA ÚLTIMA TRANSACCIÓN
campo de control 20250413190151.0
008 - DATOS DE LONGITUD FIJA--INFORMACIÓN GENERAL
campo de control de longitud fija 191127d19661969sp a| | ||pa d
245 00 - MENCIÓN DEL TÍTULO
Título Estadística de transporte.
Número de parte o sección de la obra Volumen 2,
Nombre de parte o sección de la obra Transporte marítimo.
260 ## - PUBLICACIÓN, DISTRIBUCIÓN, ETC.
Lugar de publicación, distribución, etc. [Madrid] :
Nombre del editor, distribuidor, etc. Instituto Nacional de Estadística,
Fecha de publicación, distribución, etc. D.L. 1966-1969.
300 ## - DESCRIPCIÓN FÍSICA
Extensión 3 v. ;
Dimensiones 27 cm.
310 ## - PERIODICIDAD ACTUAL
Periodicidad actual Anual
362 0# - FECHAS DE PUBLICACIÓN Y/O DESIGNACIÓN SECUENCIAL
Fecha de publicación y/o designación secuencial 1964-1969.
500 ## - NOTA GENERAL
Nota general En 1966 se publica un acumulativo de los años 1865-1965.
650 #4 - PUNTO DE ACCESO ADICIONAL DE MATERIA--TÉRMINO DE MATERIA
Término de materia o nombre geográfico como elemento de entrada Transportes marítimos-
Subdivisión geográfica España-
Subdivisión de forma Estadísticas.
9 (RLIN) 161537
655 #7 - TERMINO DE INDIZACIÓN--GENERO/FORMA
Fuente del término tgfbne
9 (RLIN) 226866
Datos o término principal de género/forma Revistas
710 2# - ENTRADA AGREGADA--NOMBRE DE ENTIDAD CORPORATIVA
Nombre de entidad corporativa o nombre de jurisdicción como elemento de entrada Instituto Nacional de Estadística (España)
9 (RLIN) 5162
852 ## - LOCALIZACIÓN
Ubicación ES-MaACL
Número de control de estantería P-1089-2
866 #0 - MENCIÓN TEXTUAL DE FONDOS--UNIDAD BIBLIOGRÁFICA BÁSICA
Fondos 1966, 1968-1969
942 ## - ELEMENTOS DE ENTRADA SECUNDARIOS (KOHA)
Fuente del sistema de clasificación o colocación Clasificación decimal universal
Tipo de ítem Koha Revista
Existencias
Estatus retirado Estado de pérdida Estado de daño No para préstamo Colección Biblioteca de origen Biblioteca actual Ubicación en estantería Fecha de adquisición Fuente de adquisición Total de préstamos Signatura topográfica completa Código de barras Visto por última vez Precio de reemplazo Tipo de ítem Koha
        Periódicos y Revistas Biblioteca del Ateneo de Madrid Biblioteca del Ateneo de Madrid Depósito 2 27/11/2019     P-1089-2 1201312 23/02/2023 23/02/2023 Revista